000 01355aam a2200337 i 4500
999 _c46439
_d46439
001 768714001
003 CO-MdFUSB
005 20230331062544.0
007 ta
008 200521t1980 enka|||| |||| 00| 0 eng d
020 _a0717109372
040 _bspa.
_aCO-MdFUSB
_cCO-MdFUSB
_dCO-MdFUSBC
_erda
041 _aeng
_hger
082 _223
_a241
_bB364
100 1 _aBöckle, Franz
_eautor
240 _aFundamentalmoral
245 1 0 _aFundamental moral theology
_c/ Franz Böckle ; traducido por N. D. Smith
264 1 _aDublin, Ireland :
_bGill and Macmillan,
_c[1980]
264 4 _c© 1980
300 _axii, 321 páginas
_c; 23 cm
336 _atexto
_btxt
_2rdacontent
337 _2rdamedia
_asin mediación
_bn
338 _2rdacarrier
_avolumen
_bnc
505 _aTeología moral fundamental - Hombre entre demanda y cumplimiento - Los problemas fundamentales en la justificación de las normas - Las normas morales en el Antiguo Pacto - El mensaje moral de Jesús - El etos de la iglesia primitiva - La ley moral natural - El desarrollo y justificación de ideas moralmente relevantes - El desarrollo y justificación de los juicios morales normativos
563 _aRústico
650 7 _aÉtica cristiana
_2
_9185
700 _93848
_aSmith, N. D.
_etraductor
942 _cBK
945 _aJTF-925